Members of ECOWAS (Economic Community Of West African States) - Statistics

General Stats
  • This quiz has been taken 140 times
  • The average score is 13 of 15
Answer Stats
Answer % Correct
Niger
97%
Togo
95%
Mali
93%
Nigeria
93%
Benin
92%
Ghana
92%
Guinea
92%
Senegal
91%
Burkina Faso
87%
Guinea Bissau
87%
The Gambia
87%
CÔTE D'IVOIRE
86%
Liberia
86%
Sierra Leone
83%
Cape Verde
78%
No matching quizzes found
Score Distribution
Percent of People with Each Score
Percentile by Number Answered
Your Score History
You have not taken this quiz